| 000 | 00396cam a22001217a 4500 | ||
|---|---|---|---|
| 008 | 180718b1991 xxu||||| |||| 00| 0 eng d | ||
| 082 | _aAPPPA 90-91 KHA | ||
| 100 | _aKhanna, Jyotsna | ||
| 245 |
_aRole of fundamentalism in the Punjab debacle _cby Jyotsna Khanna |
||
| 260 |
_aNew Delhi _bIndian Institute of Public Administration _c1991 |
||
| 300 | _a136p. | ||
| 650 | _aFundamentalism-Punjab debacle | ||
| 999 |
_c501539 _d501539 |
||